000
00317nam a2200121Ia 4500
008
250110s9999 xx 000 0 und d
041
_a
eng
100
_a
Sarda Kshitija
_9
182593
245
_a
Ahmednagar Club
260
_b
Final Year B. Arch, BNCA
_c
2014
300
_a
84p
700
_a
Guide Name:Chutake Rahul
_9
210268
999
_c
363460
_d
363460